000 01029nam a22002177a 4500
008 240402t2024 |||||o||||o00| 0 eng d
110 _96315
_aDepartment for Levelling Up, Housing and Communities
245 _aGuidance: pavement licences (outdoor seating)
260 _bDepartment for Levelling Up, Housing and Communities,
_c2 April 2024
520 _aDepartment for Levelling Up, Housing and Communities guidance to accompany pavement licensing introduced in the Business and Planning Act 2020
650 _aPAVEMENTS
650 _aPLANNING
650 _aBUSINESS AND PLANNING ACT 2020
650 _aLEVELLING UP AND REGENERATION ACT 2023
650 _aCOMMERCIAL PROPERTIES
650 _aHIGH STREETS
651 _aEngland
690 _aPlanning and development
_96259
710 _96315
_aDepartment for Levelling Up, Housing and Communities
856 _uhttps://www.gov.uk/government/publications/pavement-licences-draft-guidance/draft-guidance-pavement-licences-outdoor-seating-proposal
_zAvailable on .gov.uk
999 _c121877
_d121877